|
|
|
|
| LEADER |
00614cam a2200205 a 4500 |
| 001 |
0000078485 |
| 005 |
20251027090000.0 |
| 040 |
|
|
|a mod
|
| 041 |
|
|
|a eng
|
| 020 |
|
|
|a 9812451587
|
| 090 |
0 |
0 |
|a 747.3
|b JUS
|c f
|e 2004
|
| 100 |
1 |
|
|a Justin, Anne
|
| 245 |
1 |
0 |
|a 1001 ideas for windows
|c Anne Justin
|
| 260 |
|
|
|a Upper Saddle River, New Jersey
|b Creative Homeowner
|c 2004
|
| 300 |
|
|
|a 240 p.
|b ill. (chiefly col.)
|c 28 cm
|
| 500 |
|
|
|a Includes index
|
| 650 |
0 |
0 |
|a Windows in interior decoration
|
| 650 |
0 |
0 |
|a Windows
|
| 650 |
0 |
0 |
|a Draperies in interior decoration
|
| 999 |
|
|
|a 0236824
|b IKEM
|d BOOKS
|e Umum
|f IKEM
|j AVAILABLE
|q GOOD CONDITION
|